Bibliografía de la historia de España (Record no. 29279)
[ view plain ]
| 000 -LEADER | |
|---|---|
| campo de control de longitud fija | 00547nam a2200145 i 4500 |
| 001 - NÚMERO DE CONTROL | |
| campo de control | 29279 |
| 003 - IDENTIFICADOR DE NÚMERO DE CONTROL | |
| campo de control | ES-MaACL |
| 007 - CAMPO FIJO DE DESCRIPCIÓN FÍSICA--INFORMACIÓN GENERAL | |
| campo de control de longitud fija | t| |
| 008 - DATOS DE LONGITUD FIJA--INFORMACIÓN GENERAL | |
| campo de control de longitud fija | 030121s1921 sp ||||1| spa d |
| 100 1# - ENTRADA PRINCIPAL--NOMBRE DE PERSONA | |
| Nombre de persona | Ballester y Castell, Rafael. |
| 9 (RLIN) | 25027 |
| 245 10 - MENCIÓN DEL TÍTULO | |
| Título | Bibliografía de la historia de España |
| Resto del título | : catálogo metódico y cronológico de las fuentes y obras principales relativas a la historia de España / |
| Mención de responsabilidad, etc. | Rafael Ballester y Castell. |
| 260 ## - PUBLICACIÓN, DISTRIBUCIÓN, ETC. | |
| Lugar de publicación, distribución, etc. | Gerona : |
| Nombre del editor, distribuidor, etc. | [s.n., |
| Fecha de publicación, distribución, etc. | 1921] ( |
| Lugar de fabricación/manufactura | Barcelona : |
| Fabricante | Lux) |
| 300 ## - DESCRIPCIÓN FÍSICA | |
| Extensión | XVI, 297 p. ; |
| Dimensiones | 22 cm. |
| 852 ## - LOCALIZACIÓN | |
| Ubicación | ES-MaACL |
| Número de control de estantería | B-1852 |
| Estatus retirado | Estado de pérdida | Estado de daño | No para préstamo | Biblioteca de origen | Biblioteca actual | Ubicación en estantería | Fecha de adquisición | Fuente de adquisición | Total de préstamos | Signatura topográfica completa | Código de barras | Visto por última vez | Precio de reemplazo | Tipo de ítem Koha |
|---|---|---|---|---|---|---|---|---|---|---|---|---|---|---|
| Biblioteca del Ateneo de Madrid | Biblioteca del Ateneo de Madrid | Sala Pardo Bazán | 17/01/2008 | B-1852 | 1030227 | 23/02/2023 | 23/02/2023 | Libro impreso |
